| 000 | 00349nam a2200145 4500 | ||
|---|---|---|---|
| 999 |
_c9502 _d9502 |
||
| 003 | OSt | ||
| 005 | 20210630103212.0 | ||
| 008 | 210630b ||||| |||| 00| 0 eng d | ||
| 020 | _a9780486795744 | ||
| 082 |
_a721.36 _bCOR |
||
| 100 | _aCordingley R A | ||
| 245 | _aorders of architecture | ||
| 260 |
_aNew York _bDover publication _c2015 |
||
| 942 | _2ddc | ||